[Event "LSS OP-2009-0-00959"]
[Site "LSS email"]
[Date "2009.10.10"]
[Round "?"]
[White "Shlb, Alex"]
[Black "Zakharov, Oleg Yu"]
[Result "1/2-1/2"]
[WhiteElo "1254"]
[BlackElo "2123"]
[PlyCount "134"]
[EventDate "2009.09.30"]
[EventType "tourn (corr)"]
[EventRounds "4"]
[EventCountry "GER"]
[SourceTitle "Corr 2022"]
[Source "ChessBase"]
[SourceDate "2021.10.24"]
[SourceVersion "1"]
[SourceVersionDate "2021.10.24"]
[SourceQuality "1"]

1. e4 c5 2. Nf3 d6 3. d4 cxd4 4. Nxd4 Nf6 5. Nc3 a6 6. Be3 e5 7. Nb3 Be6 8. f3 Be7 9. Qd2 0-0 10. 0-0-0 Nbd7 11. g4 b5 12. g5 b4 13. Ne2 Ne8 14. f4 a5 15. f5 a4 16. Nbd4 exd4 17. Nxd4 b3 18. Kb1 bxc2+ 19. Nxc2 Bb3 20. axb3 axb3 21. Na3 Ne5 22. h4 Ra4 23. Qg2 Qa5 24. h5 f6 25. h6 fxg5 26. hxg7 Rf7 27. Rc1 Nxg7 28. Rc8+ Rf8 29. Bd2 Qa7 30. Rxf8+ Kxf8 31. Rh6 Nf7 32. Rxh7 Bf6 33. Rh3 Bxb2 34. Kxb2 Rxa3 35. Rxb3 Ra2+ 36. Kc1 Nh5 37. Qh3 Ra1+ 38. Rb1 Nf6 39. Qc3 Rxb1+ 40. Kxb1 Nxe4 41. Qc8+ Kg7 42. Bc1 Qg1 43. Be2 Qe1 44. Bd3 Nc3+ 45. Kb2 Na4+ 46. Kc2 Qf2+ 47. Kb1 Qb6+ 48. Kc2 Qc5+ 49. Qxc5 Nxc5 50. Kc3 g4 51. Bf4 Nxd3 52. Kxd3 Kf6 53. Ke4 Ng5+ 54. Kd4 Nf3+ 55. Ke4 Ng5+ 56. Kd4 Nf7 57. Ke4 d5+ 58. Kxd5 Kxf5 59. Bg3 Nd8 60. Kd4 Nc6+ 61. Ke3 Ne5 62. Bxe5 Kxe5 63. Kf2 Kf4 64. Kg2 g3 65. Kg1 Kf3 66. Kf1 g2+ 67. Kg1 Kg3 1/2-1/2